Countries of Europe in Mandarin Chinese - Statistics

General Stats
  • This quiz has been taken 820 times
    576 since last reset
  • The average score is 25 of 45
Answer Stats
Pinyin Chinese Characters English Name % Correct
Ā ěr bā ní yà 阿尔巴尼亚 Albania
90%
Ài ěr lán 爱尔兰 Ireland
88%
Ān dào ěr 安道尔 Andorra
81%
Bō sī ní yà hé hēi sāi gē wéi nà 波斯尼亚和黑塞哥维那 Bosnia and Herzegovina
79%
Dān mài 丹麦 Denmark
78%
Fēn lán 芬兰 Finland
77%
Mó nà gē 摩纳哥 Monaco
77%
Nuó wēi 挪威 Norway
74%
Fǎ guó 法国 France
72%
Bái é luó sī 白俄罗斯 Belarus
70%
Mǎ ěr tā 马耳他 Malta
70%
Lā tuō wéi yà 拉脱维亚 Latvia
69%
Yì dà lì 意大利 Italy
67%
Lì táo wǎn 立陶宛 Lithuania
67%
Sī luò wén ní yà 斯洛文尼亚 Slovenia
64%
Mó ěr duō wǎ 摩尔多瓦 Moldova
63%
Luó mǎ ní yà 罗马尼亚 Romania
63%
Sī luò fá kè 斯洛伐克 Slovakia
63%
Bō lán 波兰 Poland
62%
Pú táo yá 葡萄牙 Portugal
62%
Yīng guó 英国 United Kingdom
62%
Kē suǒ wò 科索沃 Kosovo
59%
Liè zhī dūn shì dēng 列支敦士登 Liechtenstein
58%
Lú sēn bǎo 卢森堡 Luxembourg
58%
Bǎo jiā lì yà 保加利亚 Bulgaria
57%
Dé guó 德国 Germany
57%
Bǐ lì shí 比利时 Belgium
52%
Sāi ěr wéi yà 塞尔维亚 Serbia
51%
Xī bān yá 西班牙 Spain
48%
Hé lán 荷兰 Netherlands
45%
Ào dì lì 奥地利 Austria
42%
É luó sī 俄罗斯 Russia
40%
Shèng mǎ lì nuò 圣马力诺 San Marino
40%
Bīng dǎo 冰岛 Iceland
37%
Wū kè lán 乌克兰 Ukraine
35%
Kè luó dì yà 克罗地亚 Croatia
33%
Běi mǎ qí dùn 北马其顿 North Macedonia
33%
Hēi shān 黑山 Montenegro
31%
Ruì diǎn 瑞典 Sweden
31%
Jié kè 捷克 Czech Republic
30%
Xī là 希腊 Greece
30%
Ài shā ní yà 爱沙尼亚 Estonia
29%
Ruì shì 瑞士 Switzerland
29%
Fàn dì gāng 梵帝冈 Vatican City
27%
Xiōng yá lì 匈牙利 Hungary
26%
No matching quizzes found
Score Distribution
Percent of People with Each Score
Percentile by Number Answered
Your Score History
You have not taken this quiz since the last reset